Southville International School and Colleges
Your cart is empty.
  • Cart
  • Lists
    Public lists Eva Luna New books Lux_list list_1
    Your lists Log in to create your own lists
  • Log in to your account
  • Your cookies
  • Search history
Southville International School and Colleges
  • Advanced search
  • Recent comments
  • Most popular
  • Libraries

Log in to your account

Log in with GOOGLE


If you do not have an external account, but do have a local account, you can still log in:

  1. Home
  2. MARC view: Knowledge /
Normal view MARC view ISBD view

Knowledge / (Record no. 22409)

[ view plain ]
MARC details
000 -LEADER
fixed length control field 00992nam a2200229 a 4500
003 - CONTROL NUMBER IDENTIFIER
control field PILC
005 - DATE AND TIME OF LATEST TRANSACTION
control field 20160129112603.0
008 - FIXED-LENGTH DATA ELEMENTS--GENERAL INFORMATION
fixed length control field 121013s19uu xx 00 eng d
020 ## - INTERNATIONAL STANDARD BOOK NUMBER
International Standard Book Number 9780745650531
050 ## - LIBRARY OF CONGRESS CALL NUMBER
Classification number BD 161
Item number .Ev83 2012
100 ## - MAIN ENTRY--PERSONAL NAME
Personal name Evans, Ian.
245 ## - TITLE STATEMENT
Title Knowledge /
Statement of responsibility, etc Ian Evans and Nicholas D. Smith.
260 ## - PUBLICATION, DISTRIBUTION, ETC. (IMPRINT)
Place of publication, distribution, etc Cambridge, UK ; Malden, MA :
Name of publisher, distributor, etc Polity Press,
Date of publication, distribution, etc 2012.
300 ## - PHYSICAL DESCRIPTION
Extent 238 pages ;
Dimensions 22 cm.
500 ## - GENERAL NOTE
General note Includes bibliographical references and index.
520 ## - SUMMARY, ETC.
Summary, etc Designed to introduce students to all aspects of the theory of knowledge, as well as encompassing recent developments in a special 'current trends' section. Chapters include discussions of scepticism, justification and contextualism. The authors also advance their own ground breaking theory of knowledge, incorporating research on animal cognition.
650 ## - SUBJECT ADDED ENTRY--TOPICAL TERM
Topical term or geographic name as entry element Knowledge, Theory of
650 ## - SUBJECT ADDED ENTRY--TOPICAL TERM
Topical term or geographic name as entry element Knowledge.
700 ## - ADDED ENTRY--PERSONAL NAME
Personal name Smith, Nicholas D.
942 ## - ADDED ENTRY ELEMENTS (KOHA)
Koha item type Books
Source of classification or shelving scheme Library of Congress Classification
Call number prefix Foreign
Holdings
Withdrawn status Lost status Source of classification or shelving scheme Damaged status Home library Current library Shelving location Date acquired Source of acquisition Cost, normal purchase price Total Checkouts Full call number Barcode Date last seen Copy number Price effective from Koha item type
    Library of Congress Classification   College Library College Library Reserve Section 10/13/2012   1446.00   BD 161 .Ev83 2012 C16376 05/15/2018 1 10/10/2013 Books

Knowledge /

APA

Evans I., Smith N. D., . (2012). Knowledge. Cambridge, UK ; Malden, MA: Polity Press.

Chicago

Evans Ian, Smith Nicholas D, . 2012. Knowledge. Cambridge, UK ; Malden, MA: Polity Press.

Harvard

Evans I., Smith N. D., . (2012). Knowledge. Cambridge, UK ; Malden, MA: Polity Press.

MLA

Evans Ian, Smith Nicholas D, . Knowledge. Cambridge, UK ; Malden, MA: Polity Press. 2012.

  • Place hold
  • Print
  • Cite
  • Add to your cart (remove)
  • Save record
    BIBTEX Dublin Core MARCXML MARC (non-Unicode/MARC-8) MARC (Unicode/UTF-8) MARC (Unicode/UTF-8, Standard) MODS (XML) RIS
  • More searches
    Search for this title in:
    Other Libraries (WorldCat) Other Databases (Google Scholar) Online Stores (Bookfinder.com) Open Library (openlibrary.org)

Exporting to Dublin Core...

SOUTHVILLE LIBRARY

Southville International School and Colleges Library

1281 Tropical Ave. Cor. Luxembourg St., BF Homes International, Las Pinas City

Tel. No. 8256374 / 252358 Loc. 117/146

Powered by Koha